000 00354nam a2200157Ia 4500
003 Ost
005 20260225132539.0
008 260225s9999||||xx |||||||||||||| ||und||
040 _cfsic
041 _afre
082 _a301.02
100 _aPhilippe angelhard
_eAuteur
245 0 _aL'homme mondial /
245 0 _cPhilippe angelhard
942 _cكتاب
999 _c33405
_d33405